| 000 | 01078cam a22003377a 4500 | ||
|---|---|---|---|
| 003 | CHAP | ||
| 005 | 20220329133117.0 | ||
| 008 | 971013s1988 r 00010 d | ||
| 010 | _a2270 | ||
| 011 | _a3242 | ||
| 035 | _a2442 | ||
| 040 | _cCHAP | ||
| 082 |
_a581.87 _bF79 |
||
| 100 | 0 | 0 |
_aFry, Stephen C. _943773 |
| 245 | 1 | 4 |
_aThe growing plant cell wall _b: chemical and metabolic analysis |
| 260 |
_aNew York : _bLongman, _c1988 |
||
| 300 | _a333 p | ||
| 490 | 0 | _aMonographs and surveys in biosciences | |
| 500 | _aD45-53 | ||
| 590 |
_aBATCH-UPD _b10 _c20130110 _lUCH01 _h1049 |
||
| 590 |
_aBATCH-UPD _b10 _c20130410 _lUCH01 _h0646 |
||
| 590 |
_aBATCH-UPD _b10 _c20130914 _lUCH01 _h0632 |
||
| 590 |
_aCONVERSION _b10 _c20130109 _lUCH01 _h1302 |
||
| 650 | 1 | 4 |
_aBiología _xManuales de laboratorio. _912792 |
| 650 | 1 | 4 |
_aBioquímica. _912849 |
| 650 | 1 | 4 |
_aCitología e histología vegetales. _923495 |
| 830 | 0 |
_aMonographs and surveys in biosciences _977602 |
|
| 901 | _aBK | ||
| 942 | _cLIBRO | ||
| 949 |
_a581.87 F79 _bBC _cLIBRO _d33724000903100 _eLIBRO _h77960 _i2442 _si _t251.40 |
||
| 999 |
_c2270 _d2270 |
||